Posibles causas del fracaso estudiantil en los primeros años de la universidad / (Registro nro. 443)

Detalles MARC
000 -LEADER
fixed length control field 01337 am a2200361 a 4500
005 - FECHA ULTIMA MODIFICACION
control field 20240223093723.0
008 - CAMPO DE CONTROL (LIBRO)
fixed length control field 100630s2004||||ag # f |||| 001 0 spa d
020 ## - INTERNATIONAL STANDARD BOOK NUMBER
ISBN 9871154496
041 ## - CODIGO DE IDIOMA
Código de idioma del texto/pista de sonido o título separado spa
092 ## - SIGNATURA TOPOGRAFICA DEWEY LOCAL
número de clasificación 378
libristica 68
sección POS
245 ## - TITULO PROPIAMENTE DICHO
Título Posibles causas del fracaso estudiantil en los primeros años de la universidad /
Mención de responsabilidad y remanente de la transcripción de la portada Daniel Augusto Sans
250 ## - MENCION DE EDICION
Mención de edición 1a ed.
Mención de responsabilidad relacionada con la ed. Compiladora Marina Barbabella.
260 ## - PIE DE IMPRENTA
Lugar de publicación, distribución, etc Neuquén [Neuquén ; Argentina]:
Nombre de la editorial, distribuidor, etc EDUCO;
Fecha de publicación 2004.
300 ## - DESCRIPCION FISICA
Extension 118 p.
500 ## - NOTA GENERAL
Nota general Sans, D. et al. (2004). Posibles causas del fracaso estudiantil en los primeros años de la universidad. (1a ed.). Neuquén : EDUCO.
653 ## - TÉRMINO INDIZADO - PALABRAS CLAVES
Palabra clave Fracaso. 12 propuestas para trabajar en la universidad
653 ## - TÉRMINO INDIZADO - PALABRAS CLAVES
Palabra clave Deserción, fracaso académico y lectura
653 ## - TÉRMINO INDIZADO - PALABRAS CLAVES
Palabra clave Fracaso estudiantil en contextos complejos y el lugar de la enseñanza
653 ## - TÉRMINO INDIZADO - PALABRAS CLAVES
Palabra clave Cambio planificado y aprendizaje significativo
700 1# - ENTRADAS SECUNDARIAS - NOMBRE PERSONAL
Nombre personal Sans, Daniel Augusto
9 (RLIN) 1125
700 1# - ENTRADAS SECUNDARIAS - NOMBRE PERSONAL
Nombre personal Duarte, Maria Dolores.
9 (RLIN) 1126
700 1# - ENTRADAS SECUNDARIAS - NOMBRE PERSONAL
Nombre personal Marzolla, María Elena.
9 (RLIN) 1127
700 1# - ENTRADAS SECUNDARIAS - NOMBRE PERSONAL
Nombre personal Magnarelli, Gladis.
9 (RLIN) 1128
700 1# - ENTRADAS SECUNDARIAS - NOMBRE PERSONAL
Nombre personal Quintana, Maria Martha.
9 (RLIN) 1129
700 1# - ENTRADAS SECUNDARIAS - NOMBRE PERSONAL
Nombre personal Sánchez, Susana Beatriz.
9 (RLIN) 1130
700 1# - ENTRADAS SECUNDARIAS - NOMBRE PERSONAL
Nombre personal García, Laura.
9 (RLIN) 1131
930 ## - NUMERO DE INVENTARIO
Número de inventario 1376
930 ## - NUMERO DE INVENTARIO
Número de inventario 1377
930 ## - NUMERO DE INVENTARIO
Número de inventario 1378
930 ## - NUMERO DE INVENTARIO
Número de inventario 1391
930 ## - NUMERO DE INVENTARIO
Número de inventario 1392
942 ## - ADDED ENTRY ELEMENTS (KOHA)
Source of classification or shelving scheme Dewey Decimal Classification
Item type Libros
Existencias
Estado de retiro Existencia Estado general No para prestamo Ubicación permanente ubicación actual Sala de ubicación Fecha de adquisición Total Checkouts Número de clasificación Código de barras Date last seen Número de ejemplar Price effective from Koha tipo de elemento (item)
        Biblioteca Medicina Biblioteca Medicina Circulación 13/05/2011   378 68 POS 1376 06/11/2014 ej.1 13/05/2011 Libros
        Biblioteca Medicina Biblioteca Medicina Circulación 13/05/2011   378 68 POS 1377 06/11/2014 ej.2 13/05/2011 Libros
        Biblioteca Medicina Biblioteca Medicina Circulación 13/05/2011   378 68 POS 1378 13/05/2011 ej.3 13/05/2011 Libros
        Biblioteca Medicina Biblioteca Medicina Circulación 13/05/2011   378 68 POS 1391 06/11/2014 ej.4 13/05/2011 Libros
        Biblioteca Medicina Biblioteca Medicina Circulación 13/05/2011   378 68 POS 1392 06/11/2014 ej.5 13/05/2011 Libros

UNIVERSIDAD NACIONAL DEL COMAHUE
Biblioteca de la Facultad de Ciencias Médicas
Sede Toschi: Los Arrayanes y Av. Toschi, Cipolletti  - Rio Negro
Sede Los Tordos:  Yrigoyen al 2211, Cipolletti - Rio Negro 

Teléfono: 0299 - 4774707 int 25
Contacto: biblioteca@facimed.uncoma.edu.ar
© 2011 - 2026